Fr. Conceicao Rodrigues College of Engineering

COMPUTER GRAPHICS AND MODELLING (Record no. 21733)

MARC details
000 -LEADER
fixed length control field 00286nam a2200133Ia 4500
082 ## - DEWEY DECIMAL CLASSIFICATION NUMBER
Classification number 006.6/PAN
100 ## - MAIN ENTRY--PERSONAL NAME
Personal name PANDE/S.S.
245 ## - TITLE STATEMENT
Title COMPUTER GRAPHICS AND MODELLING
260 ## - PUBLICATION, DISTRIBUTION, ETC.
Name of publisher, distributor, etc. Narosa
Place of publication, distribution, etc. New Delhi
Date of publication, distribution, etc. 2012
366 ## - TRADE AVAILABILITY INFORMATION
Publishers's discount category 25
546 ## - LANGUAGE NOTE
Language note ENGLISH
650 ## - SUBJECT ADDED ENTRY--TOPICAL TERM
Topical term or geographic name entry element PRODUCTION
942 ## - ADDED ENTRY ELEMENTS (KOHA)
Koha item type BOOK
Holdings
Withdrawn status Lost status Damaged status Not for loan Collection Home library Current library Date acquired Source of acquisition Cost, normal purchase price Inventory number Total Checkouts Full call number Barcode Date last seen Cost, replacement price Price effective from Koha item type
        AFT Fr. Agnel's C.Rodrigues College of Engineering Fr. Agnel's C.Rodrigues College of Engineering 17/03/2023 Allied Publishers 168.75 INDENT NO: 10784   006.6/PAN AFT8292 17/03/2023 225.00   BOOK
        AFT Fr. Agnel's C.Rodrigues College of Engineering Fr. Agnel's C.Rodrigues College of Engineering 17/03/2023 Allied Publishers 168.75 INDENT NO: 10787   006.6/PAN AFT8293 17/03/2023 225.00   BOOK